000
00207nam a2200097Ia 4500
008
190216s9999||||xx |||||||||||||| ||und||
100
_a
Punathil Kunhabdulla
245
0
_a
Kathi
260
_b
Null
942
_c
BK
999
_c
24687
_d
24687